• 首页
  • 本馆介绍
  • 公告通知
  • 最新文献
  • 馆藏检索
  • 电子资源
  • 读者导购
  • 参考咨询
  • 我的图书馆
  • 登录
  • 详细信息显示
  • 放入我的书架
  • 预约/预借图书
  • 作者相关作品
  • 分类相关作品
  • 丛书相关作品
  • 出版社相关作品

书目信息

  • 表格格式
  • 工作单格式
  • 卡片格式
题名:
广播的语言艺术
    
 
作者: 林兴仁
分册:  
出版信息: 北京   语文出版社  34366
页数: 232页
开本: 20cm
丛书名:
单 册:
中图分类: G224
科图分类:
主题词: 广播事业 , 电视事业
电子资源:
ISBN: 7-80006-733-5
000 00522nam0 2200193 450
001 0728815141
005 20070819080015.14
010    @a7-80006-733-5@d¥6.50
100    @a20070819d km y0chiy0120 ea
101 0  @achi
200 1  @a广播的语言艺术@Aguang bo de yu yan yi shu@f林兴仁@Flin xing ren
210    @a北京@c语文出版社@d34366
215    @a232页@d20cm
606 0  @a广播事业
606 0  @a电视事业
690    @aG224@v3
701  0 @a林兴仁@Alin xing ren
801  0 @aCN@bPFT@c20070819
905    @a213230@dG224@eZW115@f1
    
    广播的语言艺术/林兴仁.-北京:语文出版社,34366
    232页;20cm
    
    
    ISBN 7-80006-733-5:¥6.50
    
●
相关链接 在E读中查询图书 在五车中查询图书 在当当中查询图书 在豆瓣中查询图书


正题名:广播的语言艺术     索取号:G224/ZW115         预约/预借

序号 登录号 条形码 馆藏地/架位号 状态 备注
1 7613736   276137360   密集书库-文学院/ [索取号:G224/ZW115] 在馆    
唐山师范学院图书馆 欢迎您!
大连网信软件有限公司© 版权所有